| 000 | 01081nam a2200313 4500 | ||
|---|---|---|---|
| 001 | 165 | ||
| 003 | OSt | ||
| 005 | 20250528074013.0 | ||
| 008 | 250129b |||||||g |||| 00| 1 eng d | ||
| 040 | _bpor | ||
| 041 |
_heng _apor |
||
| 082 |
_a813 _bC752e |
||
| 100 |
_aConnelly, Michael _d1956- _9312 |
||
| 245 |
_aEcho Park / _cConnelly, Michael ; Tradução de Álvaro Hattnher |
||
| 260 |
_aRio de Janeiro _bObjetiva _c2007 |
||
| 300 | _a363 p. | ||
| 490 | 1 | _aDetetive Harry Bosch | |
| 520 | _aEcho Park é o décimo segundo romance em que Michael Connelly apresenta Harry Bosch, um detetive experiente, obcecado pelos crimes que investiga. Desta vez, Harry é assombrado por um fantasma. Um fantasma que o perturba há treze anos. | ||
| 650 | 0 |
_aLiteratura Americana _984 |
|
| 650 | 0 |
_aRomance Policial _911 |
|
| 650 | 0 |
_aCrime e Investigação _913 |
|
| 650 | 0 |
_aSuspense _910 |
|
| 650 | 0 |
_aMistério _942 |
|
| 655 | 0 |
_aRomance _923 |
|
| 655 | 0 |
_aFicção _922 |
|
| 700 |
_aÁlvaro Hattnher _eTradutor _9313 |
||
| 830 |
_aDetetive Harry Bosch _9314 |
||
| 942 |
_2ddc _n0 _cBK |
||
| 999 |
_c165 _d165 |
||